Statistics for Miami Heat Top 10 Leaders

Click here to take the quiz!

General Stats

  • This quiz has been taken 990 times
    (513 since last reset)
  • The average score is 11 of 23

Answer Stats

Player% Correct
Dwyane Wade
99%
LeBron James
98%
Chris Bosh
91%
Jimmy Butler
91%
Shaquille O'Neal
84%
Alonzo Mourning
83%
Bam Adebayo
80%
Udonis Haslem
79%
Tim Hardaway
62%
Mario Chalmers
53%
Glen Rice
45%
Goran Dragić
43%
Hassan Whiteside
41%
Eddie Jones
35%
Rony Seikaly
21%
Joel Anthony
15%
P.J. Brown
12%
Brian Grant
8%
Bimbo Coles
5%
Grant Long
5%
Sherman Douglas
5%
Kevin Edwards
3%
Keith Askins
2%

Score Distribution

Percentile by Number Answered

Percent of People with Each Score

Your Score History

You have not taken this quiz since the last reset